000
00301nam a2200133Ia 4500
100
_a
Burbidge/J.L.
942
_c
BK
654
_a
production
245
_a
Principles of production control
260
_b
Mcdonald and evan
_a
London
_c
1981
082
_a
658.56
_b
BUR
300
_a
588
546
_a
ENGLISH
999
_c
34687
_d
34687